HCHS Detectives by Author Quiz Stats

 Plays Quiz not verified by Sporcle

Score 0/7 Timer 10:00
0 Plays Today
% Correct
Sherlock Holmes
98.7%
Father Brown
94.9%
Lord Peter Wimsey
91.1%
Hercule Poirot
89.9%
C. Auguste Dupin
88.6%
Miss Marple
87.3%
Sam Spade
84.8%

You're not logged in!

Compare scores with friends on all Sporcle quizzes.
OR
Log In

Sporcle TV

Today on Sporcle TV


Watch our educational content, quiz creation guides, and fun videos on Sporcle TV.

Show Comments

Extras

Top Quizzes Today


Score Distribution

Your Account Isn't Verified!

In order to create a playlist on Sporcle, you need to verify the email address you used during registration. Go to your Sporcle Settings to finish the process.

Report this User

Report this user for behavior that violates our Community Guidelines.

Details: